| 000 | 00374 a2200133 4500 | ||
|---|---|---|---|
| 999 |
_c12853 _d12853 |
||
| 008 | 240802b ||||| |||| 00| 0 eng d | ||
| 020 | _a 978-1849499071 | ||
| 082 | _a745.61 | ||
| 100 | _aImogen Owen | ||
| 245 | _aModern Calligraphy Workshop: The Creative Art of Pen, Brush and Chalk Lettering | ||
| 260 |
_bQuadrille Publishing _c 2017 |
||
| 300 | _a143p; | ||
| 942 | _2ddc | ||